000 00548nam a2200229 a 4500
001 nice12345678
003 IN_TiNIC
005 20260116014927.0
008 100923s1975 lona grp 000 0 eng
020 _a023251299X
_c150
082 0 0 _a230
_bECC
100 _aEcclestone, Alan
245 _aYes to God
260 _aLondon
_bDarton, Longman & Todd
_c1975
300 _a133p
500 _aincludes index and biblioraphy
650 _aTheology
700 1 _aEcclestone, Alan
902 _bSRS
942 _cBK
999 _c17574
_d17574